| 000 | 00575nam a2200205Ia 4500 | ||
|---|---|---|---|
| 005 | 20260429112149.0 | ||
| 008 | 260429s9999||||xx |||||||||||||| ||und|| | ||
| 020 | _a9789369675128 | ||
| 041 | _aEnglish | ||
| 082 |
_a025.042 _bSIN |
||
| 100 | _aSingh, Santosh Kumar | ||
| 245 | 0 |
_aEthics and professional standards in librarianship / _cSantosh Kumar Singh |
|
| 250 | _a1st ed. | ||
| 260 |
_aNew Delhi : _bScientific Books International, _c2026. |
||
| 300 | _avi, 254 p.; hb | ||
| 650 | _a Ethics | ||
| 650 | _a Professional | ||
| 650 | _aLibrarianship | ||
| 942 | _cTB | ||
| 999 |
_c52676 _d52676 |
||